| 000 | 00742nam a2200229 a 4500 | ||
|---|---|---|---|
| 999 |
_c11272 _d11272 |
||
| 001 | 11272 | ||
| 003 | BD-JhCC | ||
| 005 | 20190824130045.0 | ||
| 008 | 190620s 2017bg |||| ||a| 000 0 ben d | ||
| 020 | _a9789849274377 | ||
| 035 | _a(BD-JhCC)11272 | ||
| 040 |
_aBD-JhCC _dBD-JhCC |
||
| 041 | _aben | ||
| 082 |
_bHAQ 2017 _a891.443 |
||
| 100 | _aহক, সৈয়দ শামসুল | ||
| 245 |
_aদ্বিতীয় দিনের কাহিনী / _cসৈয়দ শামসুল হক । |
||
| 260 |
_aঢাকা: _bপ্রথমা প্রকাশনী; _c২০১৭. |
||
| 300 |
_a১১৯ পৃ. : _c২২ সেমি. |
||
| 650 | _aBengali Novel | ||
| 942 |
_2ddc _cBK |
||